Normal view
MARC view
Entry Topical Term
001 - CONTROL NUMBER
- control field: 2155
003 - CONTROL NUMBER IDENTIFIER
- control field: NLI
005 - DATE AND TIME OF LATEST TRANSACTION
- control field: 20210302125826.0
008 - FIXED-LENGTH DATA ELEMENTS
- fixed length control field: 210302|| aca||aabn | a|a d
040 ## - CATALOGING SOURCE
- Original cataloging agency: NLI
- Transcribing agency: NLI
150 ## - HEADING--TOPICAL TERM
- Topical term or geographic name entry element: Political oratory
- Geographic subdivision: West Bengal
670 ## - SOURCE DATA FOUND
- Source citation: Work cat.: (NLI): 880-01, The compendium of speeches of Shri Keshari nath Tripathi:, 2019
